Java programming with JBuilder

Gespeichert in:
Bibliographische Detailangaben
1. Verfasser: Hozner, Steven (Verfasst von)
Format: Buch
Sprache:Englisch
Veröffentlicht: New York : M&T Books, 1997
Schlagworte:
Tags: Tag hinzufügen
Keine Tags, Fügen Sie das erste Tag hinzu!

MARC

LEADER 00000nam a22000003a 4500
001 stu24993
005 20150617225743.0
008 980227s1997------------------------eng-d
020 |a 1-55851-507-0 
040 |a STU  |b slo 
041 0 |a eng 
080 |a 519.682 
080 |a 681.324.06JAVA 
084 |a B6210L  |2 INS 
084 |a C5620  |2 INS 
084 |a C6140  |2 INS 
084 |a D5020  |2 INS 
100 1 |a Hozner, Steven  |4 aut 
245 1 |a Java programming with JBuilder 
260 |a New York :  |b M&T Books,  |c 1997 
650 7 |a programovacie jazyky  |2 stusub 
650 7 |a programovanie  |2 stusub 
650 7 |a počítačové siete  |2 stusub 
650 7 |a WWW dokumenty  |2 stusub 
650 7 |a HTML  |2 stusub 
996 |b E81846  |c E*81846  |l EELSDV  |s P  |a 0  |w stu24993_0001